Statistics for Biggest U.S. Cities Starting with V

Click here to take the quiz!

General Stats

  • This quiz has been taken 5,173 times
    (4,566 since last reset)
  • The average score is 4 of 10

Answer Stats

PopulationStateHintCity% Correct
457,672VirginiaHas a large beachVirginia Beach
96%
192,169WashingtonFrequently confused with a city in CanadaVancouver
87%
124,886CaliforniaBay Area suburbVallejo
31%
65,377Texas
Roughly equidistant from Corpus Christi, Houston,
Austin, and San Antonio
Victoria
30%
142,978CaliforniaNear Mt. WhitneyVisalia
29%
135,950CaliforniaSan Bernardino countyVictorville
28%
55,567Georgia"The Azalea City"Valdosta
26%
103,078CaliforniaSolano countyVacaville
22%
98,655CaliforniaSan Diego countyVista
20%
61,156New JerseyOriginally called Temperance TownVineland
15%

Score Distribution

Percentile by Number Answered

Percent of People with Each Score

Your Score History

You have not taken this quiz since the last reset